[Event "Asian-ch Seniors 50"]
[Site "Auckland"]
[Date "2022.10.18"]
[Round "6"]
[White "Cummings, Nick"]
[Black "Morrell, Gordon"]
[Result "1/2-1/2"]
[WhiteElo "1968"]
[BlackElo "2070"]
[PlyCount "25"]
[EventDate "2022.10.15"]
[EventType "swiss"]
[EventRounds "9"]
[EventCountry "NZL"]
[SourceTitle "EXT 2024"]
[Source "ChessBase"]
[SourceDate "2023.10.10"]
[SourceVersion "1"]
[SourceVersionDate "2023.10.10"]
[SourceQuality "1"]

1. c4 g6 2. g3 Bg7 3. Bg2 f5 4. d4 Nf6 5. Nf3 0-0 6. Nc3 d6 7. 0-0 Qe8 8. Qb3 h6 9. Rd1 Na6 10. Qa3 g5 11. b4 c6 12. b5 Nc7 13. bxc6 1/2-1/2

[Event "Asian-ch Seniors 50"]
[Site "Auckland"]
[Date "2022.10.18"]
[Round "7"]
[White "Morrell, Gordon"]
[Black "McLaren, Leonard"]
[Result "1/2-1/2"]
[WhiteElo "2070"]
[BlackElo "2106"]
[PlyCount "99"]
[EventDate "2022.10.15"]
[EventType "swiss"]
[EventRounds "9"]
[EventCountry "NZL"]
[SourceTitle "EXT 2024"]
[Source "ChessBase"]
[SourceDate "2023.10.10"]
[SourceVersion "1"]
[SourceVersionDate "2023.10.10"]
[SourceQuality "1"]

1. d4 Nf6 2. c4 e6 3. Nc3 Bb4 4. a3 Bxc3+ 5. bxc3 b6 6. f3 Nc6 7. e4 Ba6 8. Bg5 Na5 9. e5 h6 10. Bh4 g5 11. Bf2 Nh7 12. h4 f5 13. hxg5 Qxg5 14. Nh3 Qg7 15. Nf4 0-0-0 16. c5 Bxf1 17. Rxf1 Qg5 18. g3 Nf8 19. Rb1 Ng6 20. Nxg6 Qxg6 21. Qd3 Kb7 22. Qb5 Ka8 23. Qd3 Rb8 24. Ke2 Rb7 25. c4 Rhb8 26. cxb6 Rxb6 27. Rb4 Nc6 28. Rxb6 Rxb6 29. Rh1 Rb2+ 30. Kf1 h5 31. Rh4 Qe8 32. f4 Qb8 33. Qf3 Rb3 34. Qxh5 Rxa3 35. Qh8 Qxh8 36. Rxh8+ Kb7 37. d5 Nb4 38. dxe6 dxe6 39. Re8 Ra1+ 40. Ke2 Ra2+ 41. Kf1 Ra6 42. Ke2 Rc6 43. Be1 a5 44. Bxb4 axb4 45. Kd3 Rb6 46. Kc2 b3+ 47. Kb2 c5 48. Rd8 Kc7 49. Rd3 Rb4 50. Rc3 1/2-1/2

[Event "Asian-ch Seniors 50"]
[Site "Auckland"]
[Date "2022.10.17"]
[Round "5"]
[White "Morrell, Gordon"]
[Black "Ebenezer, Joseph"]
[Result "1/2-1/2"]
[WhiteElo "2070"]
[BlackElo "1821"]
[PlyCount "63"]
[EventDate "2022.10.15"]
[EventType "swiss"]
[EventRounds "9"]
[EventCountry "NZL"]
[SourceTitle "EXT 2024"]
[Source "ChessBase"]
[SourceDate "2023.10.10"]
[SourceVersion "1"]
[SourceVersionDate "2023.10.10"]
[SourceQuality "1"]

1. e4 e6 2. d4 d5 3. exd5 exd5 4. Nf3 Bd6 5. c4 c6 6. Nc3 Ne7 7. Bd3 Bg4 8. 0-0 dxc4 9. Bxc4 0-0 10. h3 Bh5 11. g4 Bg6 12. Ne5 b5 13. Bb3 b4 14. Ne2 Be4 15. Bg5 Qc7 16. Bxe7 Qxe7 17. Ng3 Bxe5 18. dxe5 Rd8 19. Qc1 Bd5 20. Qe3 Bxb3 21. axb3 Nd7 22. Ra5 g6 23. Re1 Nb6 24. Qh6 Rd5 25. Ne4 Nd7 26. Rxd5 cxd5 27. Qg5 Qxg5 28. Nxg5 Re8 29. f4 f6 30. e6 Nf8 31. e7 Nd7 32. Ne4 1/2-1/2

[Event "Asian-ch Seniors 50"]
[Site "Auckland"]
[Date "2022.10.15"]
[Round "1"]
[White "Morrell, Gordon"]
[Black "Wells, Clinton A"]
[Result "1/2-1/2"]
[WhiteElo "2070"]
[BlackElo "1646"]
[PlyCount "61"]
[EventDate "2022.10.15"]
[EventType "swiss"]
[EventRounds "9"]
[EventCountry "NZL"]
[SourceTitle "EXT 2024"]
[Source "ChessBase"]
[SourceDate "2023.10.10"]
[SourceVersion "1"]
[SourceVersionDate "2023.10.10"]
[SourceQuality "1"]

1. d4 d6 2. e4 Nf6 3. Nc3 c6 4. f4 Bg4 5. Be2 Bxe2 6. Qxe2 e6 7. Nf3 Be7 8. 0-0 0-0 9. Kh1 d5 10. e5 Nfd7 11. g4 c5 12. f5 Nc6 13. f6 gxf6 14. Bh6 Re8 15. exf6 Bxf6 16. g5 Bh8 17. Rae1 cxd4 18. Nd1 Rc8 19. Nf2 Nde5 20. Nxe5 Nxe5 21. Qh5 Qc7 22. Nd3 Ng6 23. Re2 Re7 24. Qg4 Qd7 25. h4 e5 26. Qxd7 Rxd7 27. h5 e4 28. hxg6 exd3 29. gxh7+ Kxh7 30. cxd3 Kg6 31. Rh2 1/2-1/2

[Event "NZL-ch Seniors"]
[Site "Auckland"]
[Date "2020.11.28"]
[Round "5"]
[White "Morrell, Gordon"]
[Black "Fulo, Nunilon III"]
[Result "1/2-1/2"]
[WhiteElo "2037"]
[BlackElo "1996"]
[PlyCount "21"]
[EventDate "2020.11.26"]
[EventType "swiss"]
[EventRounds "6"]
[EventCountry "NZL"]
[SourceTitle "EXT 2024"]
[Source "ChessBase"]
[SourceDate "2023.10.10"]
[SourceVersion "1"]
[SourceVersionDate "2023.10.10"]
[SourceQuality "1"]

1. Nf3 Nf6 2. c4 e6 3. g3 d5 4. Bg2 Be7 5. 0-0 0-0 6. b3 c5 7. Bb2 Nc6 8. cxd5 exd5 9. d4 Ne4 10. dxc5 Bxc5 11. Nc3 1/2-1/2

[Event "NZL-ch Seniors"]
[Site "Auckland"]
[Date "2020.11.27"]
[Round "2"]
[White "Cooper, Nigel"]
[Black "Morrell, Gordon"]
[Result "0-1"]
[WhiteElo "1576"]
[BlackElo "2037"]
[PlyCount "50"]
[EventDate "2020.11.26"]
[EventType "swiss"]
[EventRounds "6"]
[EventCountry "NZL"]
[SourceTitle "EXT 2024"]
[Source "ChessBase"]
[SourceDate "2023.10.10"]
[SourceVersion "1"]
[SourceVersionDate "2023.10.10"]
[SourceQuality "1"]

1. d4 d5 2. Bf4 c5 3. e3 cxd4 4. exd4 Nc6 5. Nf3 Bg4 6. Be2 Qb6 7. Nc3 Bxf3 8. Bxf3 e6 9. 0-0 Qxd4 10. Qxd4 Nxd4 11. Bxd5 exd5 12. Rfe1+ Ne6 13. Nxd5 0-0-0 14. c4 Nxf4 15. Nxf4 Nf6 16. Rad1 Bb4 17. Rxd8+ Rxd8 18. Rb1 Rd4 19. Ne2 Rxc4 20. Rc1 Rxc1+ 21. Nxc1 Nd5 22. b3 Ba3 23. Ne2 b5 24. Nd4 Nc3 25. Nc2 b4 0-1

[Event "George Trundle Qualifiers"]
[Site "Auckland"]
[Date "2020.01.06"]
[Round "3"]
[White "Morrell, Gordon"]
[Black "Metge, J Nigel"]
[Result "1/2-1/2"]
[WhiteElo "2065"]
[BlackElo "1932"]
[PlyCount "64"]
[EventDate "2020.01.04"]
[EventType "tourn"]
[EventRounds "9"]
[EventCountry "NZL"]
[SourceTitle "EXT 2021"]
[Source "ChessBase"]
[SourceDate "2020.10.23"]
[SourceVersion "1"]
[SourceVersionDate "2020.10.23"]
[SourceQuality "1"]

1. d4 e6 2. c4 f5 3. Nc3 Nf6 4. f3 Bb4 5. e3 c5 6. Bd3 Bxc3+ 7. bxc3 d6 8. Ne2 0-0 9. Ng3 Qe8 10. Qc2 Nc6 11. 0-0 Bd7 12. Bd2 g6 13. Rae1 e5 14. f4 e4 15. Be2 Qf7 16. Nh1 b6 17. Nf2 Na5 18. d5 Bc8 19. Nd1 Ba6 20. Nb2 Qd7 21. Kh1 Kh8 22. Qd1 Rg8 23. Qc2 Rg7 24. a4 Kg8 25. Qd1 Kf7 26. Rg1 h5 27. Ref1 Rh8 28. Be1 Ng4 29. Bf2 Qe7 30. Qe1 h4 31. h3 Nxf2+ 32. Rxf2 Qf6 1/2-1/2

[Event "George Trundle Qualifiers"]
[Site "Auckland"]
[Date "2020.01.05"]
[Round "2"]
[White "Xie, Felix"]
[Black "Morrell, Gordon"]
[Result "1/2-1/2"]
[WhiteElo "1906"]
[BlackElo "2065"]
[PlyCount "56"]
[EventDate "2020.01.04"]
[EventType "tourn"]
[EventRounds "9"]
[EventCountry "NZL"]
[SourceTitle "EXT 2021"]
[Source "ChessBase"]
[SourceDate "2020.10.23"]
[SourceVersion "1"]
[SourceVersionDate "2020.10.23"]
[SourceQuality "1"]

1. e4 e5 2. Nf3 Nc6 3. d4 exd4 4. Bc4 Nf6 5. e5 d5 6. Bb5 Ne4 7. Nxd4 Bd7 8. Bxc6 bxc6 9. 0-0 Be7 10. f3 Ng5 11. f4 Ne4 12. Be3 0-0 13. Nd2 c5 14. N4f3 Nxd2 15. Qxd2 c6 16. a3 a5 17. h3 a4 18. g4 g6 19. Nh2 Qc8 20. Qf2 d4 21. Bd2 f6 22. Qg3 Kh8 23. Nf3 Rb8 24. Bc1 Be6 25. Re1 Bd5 26. Qf2 fxe5 27. Nxe5 Bf6 28. Rb1 Ba2 1/2-1/2

[Event "George Trundle Qualifiers"]
[Site "Auckland"]
[Date "2019.01.07"]
[Round "5"]
[White "Morrell, Gordon"]
[Black "Jule, Alexandra"]
[Result "0-1"]
[WhiteElo "2086"]
[BlackElo "2003"]
[PlyCount "146"]
[EventDate "2019.01.04"]
[EventType "tourn"]
[EventRounds "9"]
[EventCountry "NZL"]
[SourceTitle "CBM 189 Extra"]
[Source "ChessBase"]
[SourceDate "2019.06.03"]
[SourceVersion "1"]
[SourceVersionDate "2019.06.03"]
[SourceQuality "1"]

1. e4 c5 2. Nf3 d6 3. c3 Nf6 4. h3 g6 5. Bd3 Bg7 6. 0-0 0-0 7. Re1 Nc6 8. Bf1 b6 9. d4 e6 10. Bg5 Qc7 11. a4 Bb7 12. d5 exd5 13. exd5 Na5 14. c4 Rfe8 15. Nc3 Rxe1 16. Qxe1 Ba6 17. Nd2 Re8 18. Qc1 Nd7 19. Qc2 Ne5 20. Nb5 Qb8 21. Ne4 Bxb5 22. axb5 Nd7 23. Bf4 Nf8 24. Be2 Qd8 25. Bg5 f6 26. Bd2 g5 27. Ng3 g4 28. Nf5 gxh3 29. Ra3 hxg2 30. Kxg2 Ng6 31. Rh3 Re5 32. Bd3 Qd7 33. f4 Re8 34. Qd1 Nxc4 35. Qh5 Nxd2 36. Qxh7+ Kf8 37. Qxg6 c4 38. Bf1 Nxf1 39. Kxf1 c3 40. Qxg7+ Qxg7 41. Nxg7 cxb2 42. Rb3 Kxg7 43. Rxb2 Kg6 44. Rc2 Kf5 45. Rc6 Rd8 46. Rc4 Re8 47. Rc6 Re4 48. Rxd6 Rxf4+ 49. Ke2 Rb4 50. Kd3 Ke5 51. Re6+ Kxd5 52. Rxf6 Rxb5 53. Rf5+ Kc6 54. Rf6+ Kc5 55. Kc3 a5 56. Rf5+ Kc6 57. Rf6+ Kb7 58. Rf4 Rc5+ 59. Kb3 Ka6 60. Rf6 Kb5 61. Rg6 a4+ 62. Ka3 Rc3+ 63. Ka2 Rc4 64. Ka3 Kc5 65. Rg8 Rc3+ 66. Kb2 Kb4 67. Rg4+ Rc4 68. Rg6 b5 69. Rg5 a3+ 70. Ka2 Rc2+ 71. Ka1 Ka4 72. Rg3 b4 73. Rf3 Rc1+ 0-1

[Event "George Trundle Qualifiers"]
[Site "Auckland"]
[Date "2019.01.06"]
[Round "4"]
[White "Goh, Zi Han"]
[Black "Morrell, Gordon"]
[Result "1-0"]
[WhiteElo "1908"]
[BlackElo "2086"]
[PlyCount "80"]
[EventDate "2019.01.04"]
[EventType "tourn"]
[EventRounds "9"]
[EventCountry "NZL"]
[SourceTitle "CBM 189 Extra"]
[Source "ChessBase"]
[SourceDate "2019.06.03"]
[SourceVersion "1"]
[SourceVersionDate "2019.06.03"]
[SourceQuality "1"]

1. d4 Nf6 2. c4 e6 3. Nf3 d5 4. Nc3 Be7 5. cxd5 exd5 6. Bg5 c6 7. Qc2 g6 8. e3 Bf5 9. Bd3 Bxd3 10. Qxd3 Nbd7 11. 0-0 0-0 12. Rab1 a5 13. Qc2 Kg7 14. a3 Nb6 15. Ne5 Nfd7 16. Bxe7 Qxe7 17. Nd3 Nc4 18. Na4 Nf6 19. Ra1 Rfe8 20. Qc1 h5 21. b3 Nd6 22. Ra2 Nb5 23. Ndc5 Qc7 24. h3 Ne4 25. Rc2 Nxc5 26. Nxc5 Nd6 27. Rd1 Qe7 28. a4 Qg5 29. Re1 Re7 30. Rce2 Rae8 31. Qc3 Nf5 32. e4 dxe4 33. Nxe4 Qh4 34. d5+ f6 35. g3 Rxe4 36. Rxe4 Qxe4 37. Rxe4 Rxe4 38. dxc6 bxc6 39. Qxa5 Nd4 40. Qc7+ Kh6 1-0

[Event "George Trundle Qualifiers"]
[Site "Auckland"]
[Date "2019.01.04"]
[Round "2"]
[White "Duneas, John"]
[Black "Morrell, Gordon"]
[Result "1/2-1/2"]
[WhiteElo "2044"]
[BlackElo "2086"]
[PlyCount "40"]
[EventDate "2019.01.04"]
[EventType "tourn"]
[EventRounds "9"]
[EventCountry "NZL"]
[SourceTitle "CBM 189 Extra"]
[Source "ChessBase"]
[SourceDate "2019.06.03"]
[SourceVersion "1"]
[SourceVersionDate "2019.06.03"]
[SourceQuality "1"]

1. d4 d5 2. c4 e6 3. Nc3 Nf6 4. Bg5 Be7 5. e3 0-0 6. Bd3 h6 7. Bh4 b6 8. Nf3 Bb7 9. 0-0 Nbd7 10. Rc1 c5 11. Qe2 dxc4 12. Bxc4 Ne4 13. Bxe7 Qxe7 14. Rfd1 Rfd8 15. Ba6 Ndf6 16. Nxe4 Nxe4 17. Bxb7 Qxb7 18. dxc5 Nxc5 19. b4 Ne4 20. h3 Rxd1+ 1/2-1/2

[Event "Auckland North Shore op 45th"]
[Site "Auckland"]
[Date "2018.08.25"]
[Round "3"]
[White "Krstev, Antonio"]
[Black "Morrell, Gordon"]
[Result "0-1"]
[WhiteElo "1986"]
[BlackElo "2080"]
[PlyCount "104"]
[EventDate "2018.08.25"]
[EventType "swiss"]
[EventRounds "5"]
[EventCountry "NZL"]
[SourceTitle "EXT 2021"]
[Source "ChessBase"]
[SourceDate "2020.10.23"]
[SourceVersion "1"]
[SourceVersionDate "2020.10.23"]
[SourceQuality "1"]

1. d4 Nf6 2. c4 e6 3. Nc3 d5 4. e3 c5 5. dxc5 Bxc5 6. cxd5 exd5 7. Nf3 0-0 8. Be2 Nc6 9. a3 Re8 10. 0-0 a6 11. b4 Bd6 12. Bb2 Bg4 13. h3 Be6 14. Nd4 Qe7 15. b5 Ne5 16. Nf3 Red8 17. Nxe5 Bxe5 18. bxa6 bxa6 19. Na4 Bd6 20. Qd4 Bd7 21. Rfc1 Rab8 22. Rc2 Bb5 23. Qh4 Be5 24. Bxe5 Qxe5 25. Rac1 g5 26. Qh6 Bxa4 27. Rc7 Ne8 28. Bd3 Qg7 29. Qxg7+ Kxg7 30. R7c5 Bb5 31. Bxb5 Rxb5 32. Rxb5 axb5 33. Rc5 Nf6 34. Rxb5 Ra8 35. Rb3 h5 36. f3 Ra4 37. Kf2 Rc4 38. Rb2 Kf8 39. Ke2 Ra4 40. Rb3 Ke7 41. Kd2 Nd7 42. g4 hxg4 43. hxg4 Ne5 44. Ke2 Nc4 45. f4 Rxa3 46. Rxa3 Nxa3 47. Kd3 Kd6 48. Kd4 Nb5+ 49. Kd3 f6 50. Ke2 Kc5 51. Kd3 Nd6 52. Ke2 Kc4 0-1

[Event "George Trundle Qualifiers"]
[Site "Auckland"]
[Date "2018.07.08"]
[Round "2"]
[White "Morrell, Gordon"]
[Black "Nyberg, Michael"]
[Result "1/2-1/2"]
[WhiteElo "2044"]
[BlackElo "1917"]
[PlyCount "59"]
[EventDate "2018.07.07"]
[EventType "tourn"]
[EventRounds "9"]
[EventCountry "NZL"]
[SourceTitle "EXT 2019"]
[Source "ChessBase"]
[SourceDate "2018.10.10"]
[SourceVersion "1"]
[SourceVersionDate "2018.10.10"]
[SourceQuality "1"]

1. e4 c5 2. Nf3 e6 3. b3 Nc6 4. Bb5 d6 5. 0-0 Bd7 6. Re1 Be7 7. Bxc6 Bxc6 8. Bb2 Bf6 9. d4 cxd4 10. Bxd4 e5 11. Bb2 Qc7 12. c4 Ne7 13. Nc3 0-0 14. Nd2 Bg5 15. Nf3 Bh6 16. Bc1 Bxc1 17. Rxc1 Rad8 18. Qc2 Ng6 19. Nd5 Qd7 20. h3 f5 21. Nd2 Kh8 22. f3 Bxd5 23. cxd5 Rc8 24. Qd3 Nf4 25. Qf1 Rxc1 26. Rxc1 fxe4 27. Nxe4 Nxd5 28. Qf2 a6 29. Rd1 Qc6 30. Qd2 1/2-1/2

[Event "George Trundle Qualifiers"]
[Site "Auckland"]
[Date "2017.10.07"]
[Round "8"]
[White "Milligan, Helen"]
[Black "Morrell, Gordon"]
[Result "0-1"]
[WhiteElo "2007"]
[BlackElo "2030"]
[PlyCount "48"]
[EventDate "2017.09.30"]
[EventType "tourn"]
[EventRounds "9"]
[EventCountry "NZL"]
[SourceTitle "CBM 181 Extra"]
[Source "ChessBase"]
[SourceDate "2017.12.12"]
[SourceVersion "1"]
[SourceVersionDate "2017.12.12"]
[SourceQuality "1"]

1. e4 c5 2. Nf3 e6 3. d4 cxd4 4. Nxd4 Nf6 5. Bd3 Nc6 6. Be3 d6 7. Nc3 a6 8. 0-0 Be7 9. Kh1 Qc7 10. f4 Bd7 11. Qe2 0-0 12. a3 Rfe8 13. Rae1 Rad8 14. Qf3 Nxd4 15. Bxd4 e5 16. Be3 Bc6 17. Nd5 Bxd5 18. exd5 e4 19. Bxe4 Nxe4 20. Qxe4 Bh4 21. Qb4 Bxe1 22. Rxe1 Qxc2 23. Bb6 Rxe1+ 24. Qxe1 Rc8 0-1

[Event "George Trundle Qualifiers"]
[Site "Auckland"]
[Date "2017.10.01"]
[Round "2"]
[White "Morrell, Gordon"]
[Black "Zhang, Jasmine Haomo"]
[Result "1-0"]
[WhiteElo "2030"]
[BlackElo "1826"]
[PlyCount "35"]
[EventDate "2017.09.30"]
[EventType "tourn"]
[EventRounds "9"]
[EventCountry "NZL"]
[SourceTitle "CBM 181 Extra"]
[Source "ChessBase"]
[SourceDate "2017.12.12"]
[SourceVersion "1"]
[SourceVersionDate "2017.12.12"]
[SourceQuality "1"]

1. c4 e6 2. e4 g6 3. d4 Bg7 4. Nc3 Ne7 5. Be3 d5 6. f3 0-0 7. cxd5 exd5 8. Qd2 Nbc6 9. 0-0-0 dxe4 10. fxe4 Bg4 11. Nf3 f5 12. h3 fxe4 13. Bc4+ Kh8 14. hxg4 Bf6 15. Ng5 Bxg5 16. Bxg5 Qd7 17. Rxh7+ Kxh7 18. Rh1+ 1-0

[Event "Auckland Summer Cup-B"]
[Site "Auckland"]
[Date "2017.02.27"]
[Round "3"]
[White "Morrell, Gordon"]
[Black "Nagorski, Alex"]
[Result "0-1"]
[WhiteElo "2085"]
[BlackElo "1788"]
[PlyCount "70"]
[EventDate "2017.02.13"]
[EventType "tourn"]
[EventRounds "7"]
[EventCountry "NZL"]
[SourceTitle "EXT 2018"]
[Source "ChessBase"]
[SourceDate "2017.10.13"]
[SourceVersion "1"]
[SourceVersionDate "2017.10.13"]
[SourceQuality "1"]

1. d4 d5 2. Nf3 Nf6 3. e3 Bg4 4. c4 e6 5. Qb3 Qc8 6. Ne5 Bf5 7. Nc3 c6 8. f4 Bd6 9. Be2 Bxe5 10. fxe5 Ne4 11. Bf3 Nd7 12. cxd5 cxd5 13. Bxe4 Bxe4 14. Nxe4 dxe4 15. 0-0 Nb6 16. Rf4 Qc6 17. Bd2 0-0 18. Rc1 Qd5 19. Qxd5 Nxd5 20. Rff1 Rfc8 21. Kf2 Rxc1 22. Rxc1 Kf8 23. Ke2 Ke8 24. Rf1 Rc8 25. Kd1 f5 26. exf6 gxf6 27. g4 Kf7 28. Rg1 Rg8 29. Rg3 h5 30. gxh5 Rxg3 31. hxg3 Kg7 32. Ke2 Kh6 33. Kf2 Kxh5 34. Be1 Kg4 35. Bd2 Ne7 0-1

[Event "Auckland Summer Cup-B"]
[Site "Auckland"]
[Date "2017.02.20"]
[Round "2"]
[White "MacDonald, Paul"]
[Black "Morrell, Gordon"]
[Result "0-1"]
[WhiteElo "1972"]
[BlackElo "2085"]
[PlyCount "52"]
[EventDate "2017.02.13"]
[EventType "tourn"]
[EventRounds "7"]
[EventCountry "NZL"]
[SourceTitle "EXT 2018"]
[Source "ChessBase"]
[SourceDate "2017.10.13"]
[SourceVersion "1"]
[SourceVersionDate "2017.10.13"]
[SourceQuality "1"]

1. b3 e5 2. Bb2 Nc6 3. e3 Nf6 4. Bb5 Bd6 5. Na3 Be7 6. Nc4 d6 7. d4 exd4 8. Qxd4 0-0 9. Bxc6 bxc6 10. Na5 Bd7 11. 0-0-0 c5 12. Qf4 Rb8 13. Ne2 Rb4 14. Nc4 Qa8 15. a3 Rbb8 16. g4 Qe4 17. g5 Qxf4 18. exf4 Nh5 19. Ne3 Rbe8 20. Rhg1 Bc6 21. Nd5 Bxd5 22. Rxd5 Bd8 23. Kd1 Rxe2 24. g6 fxg6 25. Rxh5 Rxf2 26. Rd5 R8xf4 0-1

[Event "NZL-ch op 124th"]
[Site "Wellington"]
[Date "2017.01.01"]
[Round "1"]
[White "Stracy, Don M"]
[Black "Morrell, Gordon"]
[Result "0-1"]
[WhiteElo "1663"]
[BlackElo "2089"]
[PlyCount "68"]
[EventDate "2017.01.01"]
[EventType "swiss"]
[EventRounds "9"]
[EventCountry "NZL"]
[SourceTitle "CBM 176 Extra"]
[Source "ChessBase"]
[SourceDate "2017.03.02"]
[SourceVersion "1"]
[SourceVersionDate "2017.03.02"]
[SourceQuality "1"]

1. e4 c5 2. Nf3 Nc6 3. d4 cxd4 4. Nxd4 Nf6 5. Nc3 e5 6. Ndb5 h6 7. Nd5 Nxd5 8. Qxd5 d6 9. Bc4 Be6 10. Qd3 a6 11. Bxe6 fxe6 12. Nc3 Rc8 13. 0-0 Be7 14. Be3 0-0 15. Rac1 Qc7 16. f4 exf4 17. Bxf4 Ne5 18. Bxe5 dxe5 19. Kh1 Bb4 20. Nb1 Rxf1+ 21. Qxf1 Be7 22. c3 Qb6 23. Rc2 Rf8 24. Qe1 Bg5 25. Nd2 Qf2 26. Qxf2 Rxf2 27. Kg1 Rxd2 28. Rxd2 Bxd2 29. c4 Kf7 30. Kf2 Bb4 31. Ke2 Ke7 32. Kd3 a5 33. Kc2 Kd6 34. a3 Bc5 0-1

[Event "Auckland Morrison Memorial"]
[Site "Auckland"]
[Date "2016.10.23"]
[Round "4"]
[White "Barry, Jacob"]
[Black "Morrell, Gordon"]
[Result "0-1"]
[WhiteElo "1185"]
[BlackElo "2106"]
[PlyCount "50"]
[EventDate "2016.10.21"]
[EventType "swiss"]
[EventRounds "6"]
[EventCountry "NZL"]
[SourceTitle "EXT 2018"]
[Source "ChessBase"]
[SourceDate "2017.10.13"]
[SourceVersion "1"]
[SourceVersionDate "2017.10.13"]
[SourceQuality "1"]

1. e4 e6 2. d4 d5 3. exd5 exd5 4. Nc3 c6 5. Nf3 Bd6 6. g3 Bg4 7. Bg2 Nd7 8. 0-0 Ne7 9. Qd3 h6 10. Nh4 g5 11. Bf3 Bh3 12. Bg2 Be6 13. Nf3 Qc7 14. Re1 0-0-0 15. a3 Bf5 16. Qe2 Ng6 17. Nxg5 hxg5 18. Bxg5 Rdg8 19. Bf3 f6 20. Bc1 Nh4 21. Bh5 Bh3 22. Bf7 Bxg3 23. fxg3 Rxg3+ 24. hxg3 Qxg3+ 25. Kh1 Bg2+ 0-1

[Event "Auckland Morrison Memorial"]
[Site "Auckland"]
[Date "2016.10.22"]
[Round "3"]
[White "Morrell, Gordon"]
[Black "Runcan, Daniel Ioan"]
[Result "1/2-1/2"]
[WhiteElo "2106"]
[BlackElo "1930"]
[PlyCount "39"]
[EventDate "2016.10.21"]
[EventType "swiss"]
[EventRounds "6"]
[EventCountry "NZL"]
[SourceTitle "EXT 2018"]
[Source "ChessBase"]
[SourceDate "2017.10.13"]
[SourceVersion "1"]
[SourceVersionDate "2017.10.13"]
[SourceQuality "1"]

1. e4 c5 2. c3 d5 3. exd5 Qxd5 4. d4 Nf6 5. Nf3 Bg4 6. Be2 e6 7. 0-0 Be7 8. Be3 cxd4 9. cxd4 0-0 10. Nc3 Qa5 11. h3 Bh5 12. Qb3 Nbd7 13. a3 Nb6 14. Bd2 Bxf3 15. Bxf3 Qa6 16. Be2 Qa5 17. Bb5 Nc8 18. Rfd1 a6 19. Be2 Qb6 20. Qxb6 1/2-1/2

[Event "Auckland North Shore op 43rd"]
[Site "Auckland"]
[Date "2016.08.21"]
[Round "5"]
[White "Morrell, Gordon"]
[Black "Fan, Allen Chi Zhou"]
[Result "1-0"]
[WhiteElo "2102"]
[BlackElo "1868"]
[PlyCount "73"]
[EventDate "2016.08.20"]
[EventType "swiss"]
[EventRounds "5"]
[EventCountry "NZL"]
[SourceTitle "CBM 174 Extra"]
[Source "ChessBase"]
[SourceDate "2016.10.10"]
[SourceVersion "1"]
[SourceVersionDate "2016.10.10"]
[SourceQuality "1"]

1. d4 Nf6 2. c4 g6 3. Nc3 Bg7 4. e4 d6 5. h3 0-0 6. Bg5 c6 7. Qd2 e5 8. d5 Qa5 9. a3 c5 10. Bd3 Na6 11. Nge2 Nc7 12. 0-0 Re8 13. b4 Qb6 14. b5 Qa5 15. Nc1 Ncxd5 16. Nxd5 Qxd2 17. Nxf6+ Bxf6 18. Bxd2 Be6 19. Ne2 a6 20. Nc3 Bg7 21. bxa6 Rxa6 22. Rfb1 Rb8 23. a4 Kf8 24. Nd5 Bc8 25. a5 f5 26. Bg5 Kf7 27. f3 h6 28. Bd8 Bf8 29. Bb6 f4 30. Nc7 Raa8 31. Nxa8 Rxa8 32. a6 bxa6 33. Ba5 Be7 34. Ra2 Ke8 35. Rab2 Kd7 36. Bc2 Ra7 37. Rb8 1-0

[Event "Auckland North Shore op 43rd"]
[Site "Auckland"]
[Date "2016.08.20"]
[Round "3"]
[White "Morrell, Gordon"]
[Black "Gong, Daniel Hanwen"]
[Result "1-0"]
[WhiteElo "2102"]
[BlackElo "2126"]
[PlyCount "63"]
[EventDate "2016.08.20"]
[EventType "swiss"]
[EventRounds "5"]
[EventCountry "NZL"]
[SourceTitle "CBM 174 Extra"]
[Source "ChessBase"]
[SourceDate "2016.10.10"]
[SourceVersion "1"]
[SourceVersionDate "2016.10.10"]
[SourceQuality "1"]

1. d4 Nf6 2. c4 g6 3. Nc3 Bg7 4. e4 d6 5. h3 0-0 6. Bg5 h6 7. Be3 Nc6 8. d5 Ne5 9. Qd2 Kh7 10. f4 Ned7 11. g4 e6 12. dxe6 fxe6 13. 0-0-0 Ng8 14. Bd3 Ne7 15. Nge2 Nb8 16. h4 e5 17. f5 Bd7 18. Rdf1 Nbc6 19. g5 gxf5 20. exf5 Bxf5 21. gxh6 Bh8 22. Ng3 Qd7 23. Nxf5 Nxf5 24. Ne4 Nce7 25. Rhg1 Bf6 26. Bg5 Bxg5 27. hxg5 Kh8 28. g6 Nxg6 29. Rxg6 Qh7 30. Rf6 Rxf6 31. Nxf6 Qe7 32. Rxf5 1-0

[Event "Auckland CC-chA"]
[Site "Auckland"]
[Date "2016.08.01"]
[Round "6"]
[White "Duneas, John"]
[Black "Morrell, Gordon"]
[Result "1-0"]
[WhiteElo "2086"]
[BlackElo "2077"]
[PlyCount "113"]
[EventDate "2016.06.27"]
[EventType "tourn"]
[EventRounds "9"]
[EventCountry "NZL"]
[SourceTitle "EXT 2018"]
[Source "ChessBase"]
[SourceDate "2017.10.13"]
[SourceVersion "1"]
[SourceVersionDate "2017.10.13"]
[SourceQuality "1"]

1. d4 f5 2. g3 Nf6 3. Bg2 e6 4. Nf3 Bb4+ 5. c3 Be7 6. 0-0 d5 7. Bf4 0-0 8. Nbd2 h6 9. Ne5 Qe8 10. Ndf3 Ne4 11. Ne1 c5 12. dxc5 Bxc5 13. N1d3 b6 14. Nxc5 bxc5 15. c4 g5 16. Bc1 Nd7 17. Nxd7 Qxd7 18. cxd5 exd5 19. f3 Nf6 20. Qc2 Qe7 21. b3 Be6 22. Ba3 Rac8 23. Rac1 Nd7 24. Rfd1 Qg7 25. Qd2 a5 26. Qe3 Rfe8 27. Bxc5 f4 28. Qf2 Nxc5 29. Rxc5 Rxc5 30. Qxc5 Qb2 31. Qxa5 Qxe2 32. Re1 Qd3 33. Qa4 Kf7 34. gxf4 Qd2 35. Qa7+ Re7 36. Qe3 Qxe3+ 37. Rxe3 gxf4 38. Re2 Rc7 39. Rd2 Rc3 40. Kf2 Ke7 41. Bf1 Kd6 42. Bd3 Kc5 43. Ke2 d4 44. Rc2 Kb4 45. Kd2 Bd5 46. Be2 Be6 47. Rxc3 dxc3+ 48. Kc2 Bd5 49. Bd1 Be6 50. a3+ Kxa3 51. Kxc3 Bd5 52. b4 h5 53. h4 Bb3 54. Be2 Bd5 55. Kd4 Bxf3 56. Bxf3 Kxb4 57. Kd5 1-0